000 01283nam a2200241 a 4500
001 000048047
003 OSt
005 20201112073621.0
008 181109s2016 dr a 000 0 spa d
020 _z9789945460575
040 _aDO-SdBNP
_bspa
_cBNPHU
082 _bM971L, 2016
100 1 _aMuñoz, Orlando,
_d1972-
_933211
245 1 3 _aLa lengua en movimiento :
_bmanual de teoría y ejercicios de lengua española /
_cOrlando Muñoz.
250 _a5ª ed.
260 _aSanto Domingo :
_bBúho,
_c2016.
300 _a410 p. :
_bil. ;
_c24 cm.
500 _aIncluye datos biográficos del autor en las solapas
504 _aBibliografía : p. 407-410
505 0 _aLa comunicación lingüística --
_tLa pragmática lingüística --
_tLa compresión de la lectura --
_tEl estudio de lengua --
_tLa lengua española en el tiempo --
_tEl español en América y República Dominicana --
_tEl aspecto oral de la lengua --
_tEl aspecto formal de la lengua --
_tLa sintaxis del español --
_tLexicología y semántica del español --
_tLa expresión escrita --
_tLa ortografía de la lengua española --
_tEstructuras argumentativas y analógicas --
_tLas figuras lingüísticas del discurso --
_tExpresiones homófonas y parónimas --
590 _aInventariado, 2018/LP
942 _2ddc
_cLBS1
999 _c47535
_d47535